00602nam a2200145Ia 4500008004100000024005600041082001700097100007800114245004800192260002500240600003400265650003300299952010700332999001700439250506s9999 xx 000 0 und d a08B-011-TE, 08B-055-TE, 08B-027-TE & 08B-059-TE a681.2072 HUM aMuhammad Humail, Farhan Ali Khan Magsi, Hafiz Muhammad Adeel & Rehan Umer 0aStudy and Implementation of Wireless Sensor aKarachi:bUIT,c2008 aTelecommunication Engineering aBachelor of Engineering (BE) 001040708PR-TEaUITUbUITUd2022-07-26l0o681.2072 HUMpTE-55r2025-05-06 11:34:20w2025-05-06yPR c28283d28283